| 000 | 00637cam a22002291 4500 | ||
|---|---|---|---|
| 001 | sa 65006746 | ||
| 003 | DLC | ||
| 005 | 20260227112144.0 | ||
| 008 | 880317s1963 ii c 000 0 telx | ||
| 010 | _asa 65006746 | ||
| 025 | _aPL480:I-Te-803 | ||
| 035 | _a(OCoLC)18244239 | ||
| 040 |
_aDLC _cNN _dDLC |
||
| 042 | _apremarc | ||
| 050 | 0 | 0 |
_aPL4780.9.R44 _bS7 |
| 100 | 2 | _aReddy Naidu, Nalla. | |
| 245 | 1 | 0 |
_aŚrī Karṇadarśanamu. _cKr̥tikarta Nallā Reḍḍināyan̐ḍu. |
| 260 |
_aKōriśapāḍu? _c[1963] |
||
| 300 |
_a31, 48 p. _bports. _c18 cm. |
||
| 500 | _aIn Telugu. | ||
| 650 | 0 |
_aKarṇa (Hindu mythology) _vPoetry. |
|
| 999 |
_c64838 _d64838 |
||